000 00701nam a2200265Ia 4500
005 20260121161433.0
008 008 260114s9999 xx 000 0 eng d
020 _a9780429067310
037 _aEBOOK
040 _aCRL
040 _beng
040 _cCRL
041 _2eng
041 _aeng
084 _qCRL
100 _aGenetics, Genomics and Breeding of Oilseed Brassicas
_91044781
245 0 _aIsobel Parkin; Chittaranjan Kole; Jacqueline Batley; Dave Edwards
260 _bTaylor and Francis
260 _c2012
650 _aBotany
_91044782
856 _uhttp://www.taylorfrancis.com/books/9780429067310
942 _cEBOOK
999 _c1610798
_d1610798